000 00683nam a2200241Ia 4500
003 OSt
005 20221007081816.0
006 a|||||r|||| 00| 0
007 ta
008 221006b |||||||| |||| 00| 0 eng d
024 _a13,250
037 _cTextual
040 _aFLL
_cFLL
_beng
041 _2eng
_aeng
082 _aV72:2:9Zy7, N3
100 _aLockhart W.B.
_9698094
245 0 _aConstitutional law the american constitution constitutional rights and liberties
250 _a7th
260 _aPaul
_bWest Publishing Co. U.S.A.
_c1993
300 _a226p
_ccm.
942 _hV72:2:9Zy7, N3
_cTEXL
_2CC
999 _c1164336
_d1164336